[Event "Recife Arraes Memorial 10th"]
[Site "Recife"]
[Date "2017.10.08"]
[Round "5"]
[White "Picasso Gallego, Nicolas"]
[Black "Alves Ferreira, Carlos Antonio"]
[Result "1-0"]
[WhiteElo "1822"]
[BlackElo "1564"]
[PlyCount "83"]
[EventDate "2017.10.06"]
[EventType "swiss"]
[EventRounds "6"]
[EventCountry "BRA"]
[SourceTitle "CBM 181 Extra"]
[Source "ChessBase"]
[SourceDate "2017.12.12"]
[SourceVersion "1"]
[SourceVersionDate "2017.12.12"]
[SourceQuality "1"]

1. d4 g6 2. c4 Bg7 3. e4 Nf6 4. e5 Ne4 5. Bd3 f5 6. f3 d5 7. fxe4 fxe4 8. Be2 0-0 9. cxd5 Qxd5 10. Nc3 Qa5 11. Be3 Bf5 12. Qd2 c6 13. Nxe4 Qd8 14. Ng3 Be6 15. Nf3 Nd7 16. 0-0 Nb6 17. Rfd1 Bd5 18. Bh6 e6 19. Bxg7 Kxg7 20. b3 Qe7 21. Rac1 Rac8 22. Qg5 Qxg5 23. Nxg5 h6 24. N5e4 h5 25. Nd6 Rc7 26. Rf1 Rxf1+ 27. Rxf1 h4 28. Nge4 Bxe4 29. Ne8+ Kh6 30. Nxc7 Bf5 31. h3 a6 32. Ne8 Nd5 33. Nd6 b5 34. Rc1 Nf4 35. Bf3 Nd3 36. Rxc6 Nb4 37. Rc7 Nxa2 38. Nxf5+ gxf5 39. Re7 Nb4 40. Rxe6+ Kg5 41. Re8 Kg6 42. d5 1-0

[Event "Recife op 4th"]
[Site "Recife"]
[Date "2017.04.22"]
[Round "4"]
[White "Alves Ferreira, Carlos Antonio"]
[Black "Ferreira, Ivanilson Silva"]
[Result "0-1"]
[WhiteElo "1547"]
[BlackElo "1856"]
[PlyCount "127"]
[EventDate "2017.04.20"]
[EventType "swiss"]
[EventRounds "6"]
[EventCountry "BRA"]
[SourceTitle "EXT 2018"]
[Source "ChessBase"]
[SourceDate "2017.10.13"]
[SourceVersion "1"]
[SourceVersionDate "2017.10.13"]
[SourceQuality "1"]

1. f4 d5 2. Nf3 c5 3. e3 Nc6 4. Bb5 Bd7 5. 0-0 e6 6. b3 Be7 7. Bb2 Bf6 8. c3 Nge7 9. Bxc6 Nxc6 10. d4 cxd4 11. cxd4 0-0 12. Ne5 g6 13. a3 Be8 14. Rf3 Nxe5 15. fxe5 Bg7 16. Rh3 f6 17. exf6 Qxf6 18. Rf3 Qg5 19. Nd2 Rxf3 20. Qxf3 Bb5 21. a4 Rf8 22. Qg3 Qxg3 23. hxg3 Bd3 24. Ba3 Rc8 25. Rc1 Rc2 26. Rxc2 Bxc2 27. a5 e5 28. Bc5 a6 29. Kf2 e4 30. b4 Kf7 31. g4 Bf6 32. Kg3 g5 33. Kf2 Be7 34. Nf1 Bd1 35. Kg3 Bxc5 36. bxc5 Ke6 37. Nd2 Bc2 38. Nf1 Kd7 39. Kh3 Kc6 40. Ng3 Kb5 41. Nh5 Kxa5 42. Nf6 Bb3 43. Nxh7 Kb5 44. Nxg5 a5 45. Nf7 a4 46. g5 a3 47. g6 a2 48. g7 a1Q 49. g8Q Qh1+ 50. Kg3 Qe1+ 51. Kh2 Qxe3 52. Nd6+ Kb4 53. Qb8 Qf4+ 54. Kg1 e3 55. Qxb7+ Kc3 56. Qf7 Qxf7 57. Nxf7 e2 58. Kf2 Kd2 59. Ne5 e1Q+ 60. Kf3 Bd1+ 61. Kf4 Qe4+ 62. Kg3 Qxd4 63. Nf3+ Bxf3 64. gxf3 0-1